| 000 | 00652nam a2200181 a 4500 | ||
|---|---|---|---|
| 005 | 20140412111311.0 | ||
| 008 | 010425s19uu xx 00 eng d | ||
| 020 | _a0-689-71581-1 | ||
| 050 |
_aER _bGo59 1992 |
||
| 100 | _aViorst, Judith | ||
| 245 |
_aThe good-bye book / _cby Judith Viorst; illustrated by Kay Chorao. |
||
| 260 |
_aNew York : _bAladdin Books, _c1992. |
||
| 300 | _a1v. (unp.) ; ill. | ||
| 520 | _aA child, on the verge of being left behind by parents who are going out for the evening comes up with a variety of pleas and excuses. | ||
| 650 | _aSeparation anxiety-Fiction | ||
| 650 | _aParent and child-Fiction | ||
| 999 |
_c103974 _d103974 |
||